分省车牌-福建省 Fujian Province license plate corresponding cities - Statistics

General Stats
  • This quiz has been taken 69 times
  • The average score is 8 of 9
Answer Stats
车牌 地市 % Correct
闽AK 福州市
100%
闽B 莆田市
98%
闽D 厦门市
98%
闽C 泉州市
96%
闽E 漳州市
89%
闽F 龙岩市
85%
闽G 三明市
85%
闽H 南平市
81%
闽J 宁德市
77%
No matching quizzes found
Score Distribution
Percent of People with Each Score
Percentile by Number Answered
Your Score History
You have not taken this quiz